| 000 | 01471nam0a2200349 4500 | ||
|---|---|---|---|
| 001 | RU\NLR\BIBL_A\016319275 | ||
| 005 | 20230418150944.0 | ||
| 010 |
_a978-5-93767-468-5 _9100 |
||
| 021 |
_aRU _bКН-П-23-006864 _9КН-П-23-0661 |
||
| 035 | _a(NLR Aleph) 016319275 | ||
| 035 | _a(RuMoRGB)011575046 | ||
| 090 |
_a13026598 _c13026598 |
||
| 100 | _a20230322d2022 u y0rusy50 ca | ||
| 101 | 0 | _arus | |
| 102 | _aRU | ||
| 105 | _aa z 000gy | ||
| 181 | 0 |
_ai _baxxe |
|
| 182 | 0 | _an | |
| 200 | 1 |
_aБлагословение _eстихи _fЛюбовь Лёзова _g[иллюстрировано работами авт.] |
|
| 203 |
_aТекст _bвизуальный _cнепосредственный |
||
| 210 |
_aВладимир _cАркаим _d2022 |
||
| 215 |
_a70, [1] с. _cил. _d21 |
||
| 300 | _aВ аннот. авт.: Л. Лёзова - мастер-вышивальщица | ||
| 327 | 1 | _aСодерж.: разд.: Владимирская Русь; Детство о себе напоминает; Как хочется вернуть весну; Пишу стихи не ради славы; Я душу людям отдала; Корень жизни | |
| 675 |
_a821.161.1-1 _v4 |
||
| 686 | 2 | _aШ6(2=Р)8-5 | |
| 700 | 1 |
_aЛёзова _bЛ. _gЛюбовь |
|
| 942 | _cBOOK | ||
| 980 | _aNB | ||